000 00769nam a2200241Ia 4500
005 20260430150341.0
008 008 250103s9999 xx 000 0 eng d
037 _aTheses
040 _aCRL
040 _beng
040 _ceng
041 _2eng
041 _aeng
084 _qCRL
100 _aTandon Shweta Au.; Sarkar Surajit Gu.
_91237228
245 0 _aDeciphering the Mechanistic in- Depths of the Insulin Signalling Ppthway and Exploring the therapeutic Interventions to Mitigate Human Polyglutamine Disorders in Drosophila
260 _c2023
300 _a122p.
650 _aGenetics
700 _aUniversity of Delhi. Faculty of Inter- Disciplinary & Applied Science. Deptt. of Genetics
_91237229
942 _cTH
999 _c1849577
_d1849577